| 000 | 00507nam a22001577a 4500 | ||
|---|---|---|---|
| 008 | 230620b xxu||||| |||| 00| 0 eng d | ||
| 020 | _a9966958274 | ||
| 082 |
_a323.44 _bMAI |
||
| 100 | _cEdwin Maitho | ||
| 245 |
_aFreedom of Information Handbook _bTransforming the culture of government from one of secrecy to one of openness |
||
| 260 |
_aNairobi, Kenya _bThe Kenya Section of the ICJ _c2006 |
||
| 300 | _a109p | ||
| 600 | _cPriscilla Nyokabi kanyau | ||
| 700 | _cAnne Muthoni Ndungu | ||
| 942 |
_2ddc _cBK |
||
| 999 |
_c1875 _d1875 |
||